• 首页
  • 本馆介绍
  • 公告通知
  • 最新文献
  • 馆藏检索
  • 电子资源
  • 读者导购
  • 参考咨询
  • 我的图书馆
  • 登录
  • 详细信息显示
  • 放入我的书架
  • 预约/预借图书
  • 作者相关作品
  • 分类相关作品
  • 丛书相关作品
  • 出版社相关作品

书目信息

  • 表格格式
  • 工作单格式
  • 卡片格式
题名:
园林绿化苗木培育与施工实用技术
    
 
作者: 叶要妹 主编
分册:  
出版信息: 北京   化学工业出版社  2011
页数: 280页
开本: 26cm
丛书名:
单 册:
中图分类: S723.1
科图分类:
主题词: 苗木--育苗 , 苗木 , 育苗
电子资源:
ISBN: 978-7-122-10003-0
000 00935nam0 2200253 450
001 012015000319
005 20150914163738.81
010    @a978-7-122-10003-0@dCNY39.00
100    @a20110323d2011 em y0chiy50 ea
101 0  @achi
102    @aCN@b110000
105    @aa z 000yy
106    @ar
200 1  @a园林绿化苗木培育与施工实用技术@Ayuan lin lv hua miao mu pei yu yu shi gong shi yong ji shu@f叶要妹主编
210    @a北京@c化学工业出版社@d2011
215    @a280页@c图@d26cm
330    @a本书介绍了当前国内常用的各类园林苗木的生产技术及施工方法。主要包括园林苗圃的建立与规划、种实生产、播种繁殖苗的培育、营养繁殖苗的培育、大苗培育、苗木质量评价与出圃、设施育苗、病虫草害防治、绿化苗木的繁育技术、苗木移栽等内容。
606 0  @a苗木@x育苗
606 0  @a苗木
606 0  @a育苗
690    @aS723.1@v5
701  0 @a叶要妹@Aye yao mei@c(女,@f1965~)@4主编
801  0 @aCN@b碧洲教育@c20150716
905    @a10447@f3@dS723.1@e70
    
    园林绿化苗木培育与施工实用技术/叶要妹主编.-北京:化学工业出版社,2011
    280页:图;26cm
    
    
    ISBN 978-7-122-10003-0:CNY39.00
    本书介绍了当前国内常用的各类园林苗木的生产技术及施工方法。主要包括园林苗圃的建立与规划、种实生产、播种繁殖苗的培育、营养繁殖苗的培育、大苗培育、苗木质量评价与出圃、设施育苗、病虫草害防治、绿化苗木的繁育技术、苗木移栽等内容。
●
相关链接 在E读中查询图书 在五车中查询图书 在当当中查询图书 在豆瓣中查询图书


正题名:园林绿化苗木培育与施工实用技术     索取号:S723.1/70         预约/预借

序号 登录号 条形码 馆藏地/架位号 状态 备注
1 0849763   208497633   第二样本阅览室/ [索取号:S723.1/70] 在馆    
2 0849764   208497642   第三借阅区/ [索取号:S723.1/70] 在馆    
3 0849765   208497651   生命科学系资料室/ [索取号:S723.1/70] 在馆    
唐山师范学院图书馆 欢迎您!
大连网信软件有限公司© 版权所有